000 00314pam a2200109a 44500
008 230405s2008 xxu||||| |||| 00| 0 eng d
041 _aENG
100 _aTiwari & Ms Anuja Thakkaar
245 _aNew Dimensions on Human Resource Development
260 _a
_bWisdom Publication C-14 D.S.I.D.C
_c2008
906 _a16942
999 _c307441
_d307441